Asian Geography By Letter O - Picture Quiz - Statistics

General Stats
  • This quiz has been taken 289 times
  • The average score is 8 of 18
Answer Stats
Picture Hint Answer % Correct
(country) Oman
97%
(animal) Orangutan
95%
(city) Osaka
75%
(prefecture) Okinawa
63%
(river) Ob
54%
(highest mountain) Olympus
54%
(region) Ossetia
52%
(oblast) Omsk
43%
(body of water) Sea of {Okhotsk}
40%
(animal) Oryx
38%
Mount of {Olives}
35%
(state) Odisha
27%
(city) Osh
26%
(language) Odia
20%
(shopping area) {Orchard} Road
19%
(plant) Opium Poppy
18%
(plant) Oregano
11%
(animal) Onager
9%
No matching quizzes found
Score Distribution
Percent of People with Each Score
Percentile by Number Answered
Your Score History
You have not taken this quiz